| 000 | 004600000a22001330004500 | ||
|---|---|---|---|
| 005 | 20231213122304.0 | ||
| 008 | 230817t ||||| |||| 00| 0 eng d | ||
| 082 |
_a370.954 _bEDU |
||
| 245 |
_aEducation and Training in Sri Lanka: (An Asian Development Bank Sponsored Project) _bDiagnosis: _nVol. 2 |
||
| 260 |
_aNew Delhi: _bEducational Consultants India Limited _c1989 |
||
| 300 |
_axl, 365 p. _bBibliography included |
||
| 650 | _aEDUCATION-Sri Lanka | ||
| 942 | _cBK | ||
| 999 |
_c1800 _d1800 |
||